El renacimiento Italiano

Salvato in:
Dettagli Bibliografici
Autore principale: Garín, Eugenio (autor)
Natura: Libro
Lingua:spagnolo
Pubblicazione: Barcelona Ariel 2017
Edizione:1a. ed
Serie:Austral. Humanidades, 921
Soggetti:
Tags: Aggiungi Tag
Nessun Tag, puoi essere il primo ad aggiungerne!!

MARC

LEADER 00000cam a2200000 a 4500
001 UCC3206
003 CL-VaPUC
008 180422e20170100sp |||||||||||||||||spa|d
020 |a 9788408164661 
082 0 4 |a 945.05  |b GAR  |2 21 
100 |a Garín, Eugenio  |e autor  |9 491158 
245 1 3 |a El renacimiento Italiano 
250 |a 1a. ed 
300 |a 324 p 
942 |c BK 
945 |d 20180422 17:11:00  |a arojas 
260 |a Barcelona  |b Ariel  |c 2017 
650 0 |a Renacimiento italiano  |9 268631 
650 0 |a Historia de Italia  |9 362027 
650 0 |a Humanismo  |9 256530 
583 |a last modification  |c 20180422 17:11:00  |k Rodrigo Vera 
490 0 |a Austral. Humanidades, 921 
999 |c 371011  |d 371009 
952 |0 0  |1 0  |3 erb  |4 0  |6 945_050000000000000_GAR_2017  |7 0  |8 A  |9 487849  |a BIBEDU  |b BIBEDU  |i 5465788  |l 17  |m 2  |o 945.05 GAR 2017  |p 5465788  |q 2025-05-22  |r 2025-04-21  |s 2025-04-21  |w 2019-11-24  |y BK  |z Catalogado en:20180422  |k FIL